Σχεσιακές Βάσεις Δεδομένων / 2η Έκδοση (Record no. 3367)
[ view plain ]
| 000 -LEADER | |
|---|---|
| fixed length control field | 01938cam a22002054a 4500 |
| 005 - ΗΜΕΡΟΜΗΝΙΑ ΚΑΙ ΩΡΑ ΤΕΛΕΥΤΑΙΑΣ ΕΝΗΜΕΡΩΣΗΣ | |
| Πεδίο ελέγχου | 20250605163359.0 |
| 008 - FIXED-LENGTH DATA ELEMENTS--GENERAL INFORMATION | |
| Πεδίο ελέγχου σταθερού μήκους | 250528s ||||||||||||||||||||||||d |
| 035 ## - SYSTEM CONTROL NUMBER | |
| System control number | 17973 |
| 020 ## - ISBN | |
| ISBN | 9789602189283 |
| 040 ## - ΠΗΓΗ ΚΑΤΑΛΟΓΟΓΡΑΦΗΣΗΣ | |
| Φορέας πρωτότυπης καταλογογράφησης | MC Athens Campus Library |
| Γλώσσα καταλογογράφησης | Ελληνικά, Μοντέρνα (1453-) |
| Modifying agency | MC Athens Campus Library |
| Κανόνες περιγραφικής καταλογογράφησης | AACR2 |
| 245 1# - ΤΙΤΛΟΣ ΚΑΙ ΔΗΛΩΣΗ ΥΠΕΥΘΥΝΟΤΗΤΑΣ | |
| Τίτλος | Σχεσιακές Βάσεις Δεδομένων / 2η Έκδοση |
| 250 ## - EDITION STATEMENT | |
| Edition statement | 2η |
| 260 ## - PUBLICATION, DISTRIBUTION, ETC. | |
| Name of publisher, distributor, etc. | Κριτική, |
| Date of publication, distribution, etc. | 2015 |
| 300 ## - PHYSICAL DESCRIPTION | |
| Extent | 624 |
| 520 ## - SUMMARY, ETC. | |
| Summary, etc. | Το παρόν βιβλίο πραγματεύεται τις έννοιες των σχεσιακών βάσεων δεδομένων, αναλύει τις θεωρητικές και πρακτικές προσεγγίσεις που έχουν προταθεί για το σχεδιασμό τους και παρουσιάζει δημοφιλή λογισμικά περιβάλλοντα που έχουν αναπτυχθεί για την υλοποίηση και τη χρήση τους. Πρόλογος, Το Θεωρητικό Υπόβαθρο, Εισαγωγή, Το Διάγραμμα Οντοτήτων και Συσχετίσεων, Το Εκτεταμένο Διάγραμμα Οντοτήτων και Συσχετίσεων, Το Σχεσιακό Μοντέλο, Μετατροπή Δ.Ο.Σ. και Ε.Δ.Ο.Σ. σε Σχεσιακή Βάση Δεδομένων, Εισαγωγή στη Γλώσσα SQL, Ειδικά Θέματα στη SQL, Κανονικοποίηση, Δημοφιλή Συστήματα Λογισμικού, Εισαγωγή στην Access, Εισαγωγή στην Base, Εισαγωγή στην PhpMyAdmin, Εργαστηριακά Μαθήματα, Οργάνωση του Γ' Μέρους του Βιβλίου, Εργαστηριακά Μαθήματα στην Access, Εργαστηριακά Μαθήματα στην Base, Βιβλιογραφία. |
| 700 1# - ΠΡΟΣΘΕΤΗ ΑΝΑΓΡΑΦΗ--ΦΥΣΙΚΟ ΠΡΟΣΩΠΟ | |
| Personal name | Κεχρής Ευάγγελος |
| 942 ## - ADDED ENTRY ELEMENTS (KOHA) | |
| Koha item type | Books |
| Τύπος τεκμηρίου | Βιβλιοθήκη | Τρέχουσα τοποθεσία | Barcode | Αριθμός εισαγωγής | Ημερομηνία απόκτησης | Ταξιθετικό σύμβολο | Αριθμός αντιτύπου | Κατάσταση απόσυρσης | Κατάσταση χαμένου | Κατάσταση κατεστραμμένου | Μη δανεισμός | Σύνολο δανεισμών | Ημερομηνία τελευταίας εμφάνισης | Η τιμή ισχύει από |
|---|---|---|---|---|---|---|---|---|---|---|---|---|---|---|
| Books | MC Athens Campus Library | MC Athens Campus Library | 9780000033666 | 7414 | 05/06/2025 | 005.756 KEH | 1 | 05/06/2025 | 05/06/2025 |